00627nam a2200181Ia 4500008004100000041000800041082001900049100001500068245002900083250001200112260003400124300000900158365001600167700003700183906003400220999001900254952017200273230718s9999 xx 000 0 und d aeng a621.381'5bSED aSedra A.S. aMicroelectronic Circuits a4th ed. c2003bOxford University Press a1237 cRs.b399.00 aSedra A.S. & Smith K.C .9185253 dB:324215-Jan-2004cETC b79.8 c306474d306474 00104070aCCEPbCCEPd2004-01-21eTechnical Book ServicesfETC g319.20i3242l0o621.381'5pCCEP-BK-17681r2023-07-18 00:00:00t79.8v399.00w2004-01-15yBKz017681